| 000 | 00768nam a2200241 a 4500 | ||
|---|---|---|---|
| 001 | 280 | ||
| 005 | 20221127085911.0 | ||
| 008 | 050920s lxxka 00100 eng d | ||
| 020 |
_a0273643509 : _cSR176.00 |
||
| 035 | _a293 | ||
| 082 | 0 | 4 |
_a658 _bF49 2001 |
| 245 | 0 | 0 |
_aFinancial Times handbook of management / _cedited by Stuart Crainer, Des Dearlove. |
| 246 | 0 | _aHandbook of management. | |
| 250 | _a2nd ed. | ||
| 260 |
_aLondon : _bFT/Prentice Hall, _c2001. |
||
| 300 |
_axii, 784 p. : _bill. ; _c24 cm. |
||
| 500 | _aPrev. ed. : 1995. | ||
| 504 | _aIncludes bibl. references and index. | ||
| 650 | 4 |
_aManagement _vHandbooks, manuals, etc. |
|
| 650 | 4 | _aManagement and business studies. | |
| 700 | 1 |
_aCrainer, Stuart, _eeditor. |
|
| 700 | 1 |
_aDearlove, Des, _eeditor. |
|
| 999 |
_c280 _d280 |
||